Prosenioren V.G.K. - Statistieken

Algemene statistieken
  • Deze quiz is 36 keer genomen
  • De gemiddelde score is 32 van 102
Antwoordstatistieken
Hint Antwoord % Correct
2024-2025 BEIRENS Matisse
89%
2019-2020 DEVOS Jona
89%
2015-2016 DE WULF Ivo
89%
2023-2024 LELIE Quinten
89%
2025-2026 PARISIS Wannes
89%
2011-2012 VOS Nikita
89%
2007-2008 WERBROUCK Emmelien
89%
2021-2022 | 2022-2023 WERBROUCK Jef
89%
1931-1932 | 1932-1933 BLOCKMANS Frans
78%
2020-2021 DE ROUZERÉ Dylan
78%
1959-1960 MILIS Ludo
78%
2014-2015 STANDAERT Jasper
78%
2021-2022 UELPENICH Nina
78%
2018-2019 VAN ROOSE Robbe
78%
2020-2021 BAUDEWIJN Céline
67%
2003-2004 DANNIAU Fien
67%
1997-1998 DEBAENST Bruno
67%
2009-2010 LOGGHE Loonis
67%
2016-2017 REGGERS Wouter
67%
2012-2013 VANDEN MEERSSCHAUT Jens
67%
2010-2011 VANDEPUTTE Ruben
67%
1996-1997 BEELAERT Wim
56%
1990-1991 BEN CHIKHA Chokri
56%
2017-2018 DE BRABANDER Jules
56%
2013-2014 DE COSTER Arvid
56%
1935-1936 | 1936-1937 D'HONDT Jan
56%
1937-1938 LUYKX Theo
56%
1970-1971 ROOSEN Mark
56%
1952-1953 VERHULST Adriaan
56%
1998-1999 BURM Raf
44%
1971-1972 | 1972-1973 LINTERS Adriaan
44%
1933-1934 | 1934-1935 STUYCK Gaston
44%
1970-1971 CORREMANS Hilde
33%
2008-2009 DERYCKERE Joeri
33%
1941-1942 ROOSENS Heli
33%
1995-1996 VANHEUVERBEKE Karl
33%
1999-2000 VAN MALDEREN Hilde
33%
2001-2002 BILLIET Bauke
22%
1945-1946 DANHIEUX Luc
22%
1998-1999 DECALUWE Michiel
22%
1948-1949 DE SAGHER
22%
1986-1987 JANSSENS Herman
22%
1946-1947 | 1947-1948 MORREN Paul
22%
1949-1950 VAN CAENEGEM Raoul
22%
2006-2007 VERMEULEN Bregt
22%
1960-1961 VERMEULEN Urbain
22%
1950-1951 | 1951-1952 WOUTERS Hubert
22%
1937-1938 | 1938-1939 AERNOUTS August
11%
2005-2006 ANNEMANS Freija
11%
2000-2001 CORNE Tom
11%
1944-1945 CRAEYBECKX Jan
11%
1966-1967 GOOSSENS Dirk
11%
2002-2003 MISSINNE Ruben
11%
1994-1995 PISANI Laurent
11%
1968-1969 RUBENS Cyriel
11%
1965-1966 SFINGOPOULOS Dimitri
11%
1968-1969 TALLOEN Johan
11%
1974-1975 | 1975-1976 UYTTERHAEGEN Frank
11%
1993-1994 VANBOCKRIJCK Veerle
11%
1973-1974 VAN DEN BOGAERT Dirk
11%
1969-1970 VAN DER KELEN Luc
11%
1935-1936 VAN DER POORTEN Walter
11%
1984-1985 VAN ISACKER Klaus
11%
1939-1940 VAN KERREBROECK Albert
11%
1992-1993 VAN OVERLOOP Gerd
11%
2004-2005 VERPLANCKE Joachim
11%
1978-1979 BRANTS Marc
0%
1983-1984 CALLENS Ingrid
0%
1989-1990 COPPIETERS Guy
0%
1953-1954 CROKAERT Jean
0%
1981-1982 DEBLOND Alex
0%
1962-1963 DE BORGER Rik
0%
1982-1983 DELBEKE Peter
0%
1967-1968 DE MEULEMEESTER John
0%
1958-1959 DE REU Etienne
0%
1940-1941 DE VLEESCHOUWER Kamiel
0%
1978-1979 GOBYN Ronny
0%
1964-1965 HENNEMAN Kamiel
0%
1956-1957 KONGS Paul
0%
1976-1977 LAMBRECHTS Christiane
0%
1980-1981 OOMS Hans
0%
1977-1978 PAIRON Erwin
0%
1985-1986 SCHALCK Daan
0%
1955-1956 STEMGÉE Jozef
0%
1954-1955 THEUNS Wim
0%
1961-1962 THYBAUT Jaak
0%
1963-1964 VAN CAMP Ludo
0%
1979-1980 VAN DER HEYDEN Raf
0%
1941-1942 VAN GEENBERGHE Walter
0%
1988-1989 VAN GERVEN Luk
0%
1991-1992 VAN KWIKKELBERGHE Jurgen
0%
1957-1958 VAN ROMPAEY Jan
0%
1987-1988 VERSCHOORE Geert
0%
Geen overeenkomende quizzen gevonden
Scoreverdeling
Procent van Mensen met Elke Score
Percentiel versus Aantal Correcte Antwoorden
Uw Scoregeschiedenis
U heeft deze quiz nog niet genomen